Haidar Ali (Urdu)(حیدر علی) (Record no. 72436)
[ view plain ]
| 000 -LEADER | |
|---|---|
| fixed length control field | 00670nam a2200205Ia 4500 |
| 001 - CONTROL NUMBER | |
| control field | 67042 |
| 003 - CONTROL NUMBER IDENTIFIER | |
| control field | OSt |
| 005 - DATE AND TIME OF LATEST TRANSACTION | |
| control field | 20150622115229.0 |
| 008 - FIXED-LENGTH DATA ELEMENTS--GENERAL INFORMATION | |
| fixed length control field | 150604s9999 xx 000 0 und d |
| 020 ## - INTERNATIONAL STANDARD BOOK NUMBER | |
| International Standard Book Number | NA |
| 040 ## - CATALOGING SOURCE | |
| Transcribing agency | PK-LaUMT |
| 082 ## - DEWEY DECIMAL CLASSIFICATION NUMBER | |
| Classification number | 954.0312 |
| Item number | SUN-H |
| 100 ## - MAIN ENTRY--PERSONAL NAME | |
| Personal name | Sunha, N. K.(سنہا این کے) |
| 245 ## - TITLE STATEMENT | |
| Title | Haidar Ali (Urdu)(حیدر علی) |
| Statement of responsibility, etc | Sunha, N. K.|Iqtidar Hussain Siddiqi(سنہا این کے [ اقتدار حسین صدیقی) |
| 260 ## - PUBLICATION, DISTRIBUTION, ETC. (IMPRINT) | |
| Place of publication, distribution, etc | Jehlum,Pakistan:(جہلم ، پاکستان ) |
| Name of publisher, distributor, etc | Book Cornor Showroom,(بک کارنر شوروم) |
| Date of publication, distribution, etc | 2012 |
| 300 ## - PHYSICAL DESCRIPTION | |
| Extent | 378 p. |
| 546 ## - LANGUAGE NOTE | |
| Language note | UR |
| 700 ## - ADDED ENTRY--PERSONAL NAME | |
| Personal name | Iqtidar Hussain Siddiqi |
| 942 ## - ADDED ENTRY ELEMENTS (KOHA) | |
| Koha item type | Books |
| Source of classification or shelving scheme | Dewey Decimal Classification |
| Withdrawn status | Lost status | Damaged status | Not for loan | Home library | Current library | Date acquired | Total Checkouts | Full call number | Barcode | Date last seen | Date checked out | Price effective from | Koha item type |
|---|---|---|---|---|---|---|---|---|---|---|---|---|---|
| UMT Main Campus | UMT Main Campus | 2015-06-03 | 2 | 954.0312 SUN-H | 90939 | 2017-03-22 | 2016-10-07 | 2015-06-05 | Books |
